000 00906nas a2200289 4500
001 BR8202152
003 BR-BrBNA
005 20231205085130.0
007 ta
008 230509b bl.|||p| |||| 00| 00por d
040 _aBR-BrBNA
_bpor
_cBiblioteca Nacional de Agricultura
041 _a(Pt)
072 _aF30
100 1 _aReis, W.P.
100 1 _aRamalho, M.A.P.
100 1 _aPinto, C.A.B.P.
245 1 _aHeranca do tamanho da semente do feijao (Phaseolus vulgaris L.)[CRUZAMENTO VEGETAL]
246 1 _aInheritance of seed size of common bean (Phaseolus vulgaris L.)[CROSSING VARIETY]
650 _aFEIJAO
650 _aSEMENTE
650 _aCRUZAMENTO VEGETAL
650 _aHEREDITARIEDADE
650 _aVARIEDADE
773 0 _tCiencia e Pratica (Brazil)
_xISSN 0100-3267
_g(Jan 1981), v. 5(1) p. 66-71
_wBR8202152
909 _a202311
_bLúcia
_c55
_dLúcia Elande
942 _2AGRIS
_n0
_cANA
999 _c109420
_d109420